000 00314nam a22001217a 4500
008 180515b xxu||||| |||| 00| 0 eng d
041 _aeng
080 _a043.3
100 _a0
101 _aMBE-BA
245 _aNderlidhja e Teknologjise Informative me Menaxhimin e Burimeve Njerzore
_cQerimi, H
942 _2udc
_cBK
999 _c45825
_d45825